00821 2200289 4500001002100000005001500021035002500036090001600061090002100077245007800098250001100176260005100187300003000238850001200268007000300280008004100283020002200324040001700346082001200363084001200375650003600387999002100423700002000444700002500464990002100489990002100510YOGYA00000000008647120200625103522 a0010-081400000086188 aDEP 230 TEO aCB-D.11 2013-25700aTeologi moral katolik /cpenyunting, B.A. Rukiyanto, Ignatia Esti Sumarah aCet. 13 aYogyakarta :buniversitas sanata dharma,c2013 avii, 181 halaman ;c21 cm aYOPDYOGta131204s2013 yoi f ind d a978-602-9187-37-3 aYOPDYOGbind04222a230 a230 TEO 4aTeologi--xStudi dan pengajaran aCB-D.11/2013-2571 aRukiyanto, B.A.0 aIgnatia Esti Sumarah aCB-D.11/2013-258 aCB-D.11/2013-257